000 00425cam a2200169ua 4500
020 _c$21
041 _aeng
_h
082 _a821
_bQUI/OX
100 _aQuiller-Couch, Arthur .
245 _aOxford book of ballads /
_cArthur Quiller-Couch.
_hTextual Documents
260 _aLondon :
_bOxford at the Clarendon Press ,
_c1963.
300 _a870 ; .
365 _a$21
504 _a
942 _cBK
999 _c475
_d475